| 000 | 01207nam a22002297a 4500 | ||
|---|---|---|---|
| 005 | 20210325191833.0 | ||
| 008 | s2541 th tha d | ||
| 041 | _atha | ||
| 090 | _aว QA76.9.A25 ว462ซ 2541 | ||
| 100 | 0 | _aวาทิต เบญจพลกุล | |
| 245 | 1 | 0 | _aซอฟต์แวร์รักษาความปลอดภัยของข้อมูลโดยใช้มาตรฐานการเข้ารหัสลับข้อมูลแบบ DES |
| 260 | 3 |
_aกรุงเทพฯ : _bจุฬาลงกรณ์มหาวิทยาลัย, _c2541 |
|
| 300 |
_a77 หน้า : _b ภาพประกอบ, ตาราง ; _c 29 ซม. |
||
| 650 | 0 | 4 | _aการถอดรหัสข้อมูล -- วิจัย |
| 650 | 0 | 4 | _aความปลอดภัยของข้อมูล -- โปรแกรมคอมพิวเตอร์ |
| 650 | 0 | 4 | _aอัลกอริทึม -- วิจัย |
| 650 | 0 | 4 | _aโปรแกรมคอมพิวเตอร์ -- วิจัย |
| 850 | _aNALT | ||
| 942 | _cRSH | ||
| 997 |
_c000000000029705 _kVC |
||
| 998 | _aSANG-AROON ANU-KRAUGH | ||
| 999 |
_c29705 _d29705 |
||